Horizonty prosperity Slovenskej republiky Medzinárodná konferencia pod záštitou predsedu vlády Slovenskej republiky JUDr. Vladimíra Mečiara pri príležitosti 5. výročia založenia Asociácie zamestnávateľských zväzov a združení SR. Svit - Lopušná dolina, 17.-19. apríla 1996

Guardado en:
Detalles Bibliográficos
Formato: Libro
Lenguaje:eslovaco
Publicado: Bratislava Dom techniky ZSVTS 1996
Edición:1. vyd.
Materias:
Etiquetas: Agregar Etiqueta
Sin Etiquetas, Sea el primero en etiquetar este registro!

MARC

LEADER 00000nam a2200000 4500
001 c015813
005 20221214071126.6
020 |a 80-233-0377-5 
041 0 |a slo 
044 |a SK 
245 1 0 |a Horizonty prosperity Slovenskej republiky  |b Medzinárodná konferencia pod záštitou predsedu vlády Slovenskej republiky JUDr. Vladimíra Mečiara pri príležitosti 5. výročia založenia Asociácie zamestnávateľských zväzov a združení SR. Svit - Lopušná dolina, 17.-19. apríla 1996 
250 |a 1. vyd. 
264 1 |a Bratislava  |b Dom techniky ZSVTS  |c 1996 
300 |a 175 s. 
610 2 0 |a hospodárstvo národné 
610 2 0 |a reformy hospodárske 
610 2 0 |a privatizácia 
610 2 0 |a environmentalistika 
610 2 0 |a priemysel strojársky 
610 2 0 |a štruktúra ekonomická 
610 2 0 |a priemysel 
610 2 0 |a marketing 
610 2 0 |a výroba 
610 2 0 |a rozvoj technický 
610 2 0 |a technológie nové 
610 2 0 |a informatizácia 
610 2 0 |a zväzy zamestnávateľov 
610 2 0 |a starostlivosť sociálna 
610 2 0 |a práca 
610 2 0 |a vlastníctvo 
610 2 0 |a bezpečnosť práce 
610 2 0 |a vzdelávanie 
610 2 0 |a ekológia 
610 2 0 |a prostredie životné 
610 2 0 |a ochrana prostredia životného 
610 2 0 |a Slovensko